El humorismo es cosa seria (recorte) /
Guardado en:
| Autor Principal: | |
|---|---|
| Formato: | Libro |
| Publicado: |
Paris :
Mundo Nuevo,
1967
|
| Materias: | |
| Etiquetas: |
Agregar Etiqueta
Sin Etiquetas, Sea el primero en etiquetar este registro!
|
| LEADER | 00807nam a22001815a 4500 | ||
|---|---|---|---|
| 001 | CEM.cems008940 | ||
| 005 | 20060214000000.0 | ||
| 008 | 130507s1967##################000#0#####d | ||
| 003 | CEMS | ||
| 082 | 0 | 4 | |a F808 |
| 100 | 1 | |a Copi | |
| 245 | 1 | 0 | |a El humorismo es cosa seria (recorte) / |
| 260 | |a Paris : |b Mundo Nuevo, |c 1967 | ||
| 300 | |a 12 p. | ||
| 505 | 0 | |a Recorte de la revista Mundo Nuevo. Mar. 1967, N§ 9. Paris.-Recorte de la revista Mundo Nuevo. Mar. 1967, N§ 9. Paris.-Recorte de la revista Mundo Nuevo. Mar. 1967, N§ 9. Paris.-Recorte de la revista Mundo Nuevo. Mar. 1967, N§ 9. Paris.-Recorte de la revista Mundo Nuevo. Mar. 1967, N§ 9. Paris.-Recorte de la revista Mundo Nuevo. Mar. 1967, N§ 9. Paris.- | |
| 653 | |a Fc | ||
| 653 | |a Humorismo | ||
| 859 | |a CEMS |b BIB. CEMS - 11 de abril |h F808 |i 1 |p 1337.44 |t Ej.1 | ||
